000 00446nam a22001817a 4500
003 OSt
005 20211109144144.0
008 211109b |||||||| |||| 00| 0 eng d
020 _a0070933375
040 _cHAWASSA UNIVERSITY
050 _a636.0896/HUN
_b4
082 _a636.0896/HUN
_b4
100 _aHUNGERFORD T.G.
_917505
245 _aDISEASES OF LIVESTOCK
260 _aNEW YORK
_bLONDON
_c1975
300 _a1318
942 _2ddc
_cBOOKS
_n0
999 _c17283
_d17283